000 00696nam a2200217Ii 4500
003 JO-AjNU
008 230605s9999||||xx |||||||||||||| ||und||
017 _a1999/6/1073
040 _aJO-AjNU
_bara
_erda
_cJO-AjNU
041 _aara
050 1 4 _aPJ6051.Q396 1999
100 3 _aتاليف القواسمة،محمد عبد الله,
_eauthor
_916444
245 0 0 _aمعالم في اللغة العريبة
250 _aط1
264 3 1 _aعمان: مركز الكتاب الأكاديمي، 1999
300 _a156ص
336 _atext
_btxt
_2rdacontent
337 _aunmediated
_bn
_2rdamedia
338 _avolume
_bnc
_2rdacarrier
650 4 _aاللغة العربية-اللغات
_916445
999 _aA4872
_c8440
_d8440